000 00661nam a22002177a 4500
999 _c15150
_d15150
003 AR-CdUCM
008 190426b ||||| |||| 00| 0 spa d
020 _a978-968-16-8432-7
040 _aMUNICIPALIDAD PROVINCIAL DEL CUSCO
_cBIBLIOTECA MUNICIPAL DEL CUSCO
082 _aPI / 808.06 /
_bK16
100 _aKano
_934168
245 _aToto y taroh /
260 _aMéxico :
_bFondo de cultura económica,
_c2007.
300 _bIlustraciones,
_c26 cm.
650 _aCuentos
_9217
650 _aInfantil
_96210
650 _aPrimera infancia
_924660
700 _aYonekura, Masakane (ilustraciones)
_934169
942 _2ddc
_cLIBROS
945 _adavv
_d26/04/2019